Zdanenie v Poľskej republike vo vzťahu k slovenským fyzickým a právnickým osobám dosahujúcim príjmy zo zdroja v Poľsku
Zdanenie príjmov v Poľsku, a to aj vo vzťahu k slovenskému rezidentovi dosahujúcemu príjmy v Poľsku. Sústava daní v Poľsku. Zmluva o zamedzení dvojitého zdanenia. Daňovník s neobmedzenou a obmedzenou daňovou povinnosťou, základné kritériá na určenie daňovej rezidencie daňovníka. Poradenská činnosť P...
Salvato in:
| Autore principale: | |
|---|---|
| Natura: | Capitolo di libro |
| Lingua: | slovacco |
| Soggetti: | |
| Tags: |
Nessun Tag, puoi essere il primo ad aggiungerne!!
|
MARC
| LEADER | 00000naa$a2200000$$$4500 | ||
|---|---|---|---|
| 001 | 0054164 | ||
| 005 | 20231106072903.7 | ||
| 041 | 0 | |a slo | |
| 044 | |a SK | ||
| 245 | 1 | 0 | |a Zdanenie v Poľskej republike vo vzťahu k slovenským fyzickým a právnickým osobám dosahujúcim príjmy zo zdroja v Poľsku |c Miroslava Čepelová |
| 520 | |a Zdanenie príjmov v Poľsku, a to aj vo vzťahu k slovenskému rezidentovi dosahujúcemu príjmy v Poľsku. Sústava daní v Poľsku. Zmluva o zamedzení dvojitého zdanenia. Daňovník s neobmedzenou a obmedzenou daňovou povinnosťou, základné kritériá na určenie daňovej rezidencie daňovníka. Poradenská činnosť Poľskej daňovej správy pre daňové subjekty. | ||
| 610 | 2 | 0 | |a dane z príjmov |
| 610 | 2 | 0 | |a Poľsko |
| 610 | 2 | 0 | |a zdaňovanie |
| 610 | 2 | 0 | |a zdanenie dvojité |
| 610 | 2 | 0 | |a rezidenti |
| 100 | 1 | |a Čepelová, Miroslava | |